From Comic Strip to the Screen Quiz Stats

 Plays Quiz Updated Dec 30, 2017

Challenge
Share
Tweet
Score 0/16 Timer 05:00
2 Plays Today
% Correct
Garfield
99.7%
Peanuts
93.6%
Popeye
92%
The Addams Family
85.5%
Dennis the Menace
84.4%
Marmaduke
76.3%
Dilbert
72.7%
Little Orphan Annie
67%
% Correct
Dick Tracy
64.6%
Beetle Bailey
53.2%
Over the Hedge
52.9%
Flash Gordon
47.2%
Heathcliff
47.1%
The Boondocks
42.4%
The Phantom
34.1%
Mother Goose and Grimm
17%

You're not logged in!

Compare scores with friends on all Sporcle quizzes.
OR
Log In

You Might Also Like...

Show Comments

Extras

Top Quizzes Today


Score Distribution

Your Account Isn't Verified!

In order to create a playlist on Sporcle, you need to verify the email address you used during registration. Go to your Sporcle Settings to finish the process.

Report this User

Report this user for behavior that violates our Community Guidelines.

Details: